000 00265nam a22001217a 4500
008 170907b xxu||||| |||| 00| 0 eng d
041 _aeng
080 _a72
100 _a41
101 _aNDI
245 _aCOMPLETE DO-IT-YOURSELF MANUAL
_cDAY, R
942 _2udc
_cBK
999 _c26566
_d26566